Benito Pérez Galdós / (Record no. 176479)

MARC details
000 -LEADER
campo de control de longitud fija 00856nam a22002535i 4500
001 - NÚMERO DE CONTROL
campo de control 176479
003 - IDENTIFICADOR DE NÚMERO DE CONTROL
campo de control ES-MaACL
005 - FECHA Y HORA DE LA ÚLTIMA TRANSACCIÓN
campo de control 20240512063038.0
008 - DATOS DE LONGITUD FIJA--INFORMACIÓN GENERAL
campo de control de longitud fija 110118s1973 sp |||| | spa d
020 ## - NÚMERO INTERNACIONAL ESTÁNDAR DEL LIBRO
Número Internacional Estándar del Libro 84-306-2062-1
080 ## - NÚMERO DE LA CLASIFICACIÓN DECIMAL UNIVERSAL
Número de la Clasificación Decimal Universal 821.134.2 Pérez Galdós, Benito
080 ## - NÚMERO DE LA CLASIFICACIÓN DECIMAL UNIVERSAL
Número de la Clasificación Decimal Universal 821.134.2-3.09"18"
245 00 - MENCIÓN DEL TÍTULO
Título Benito Pérez Galdós /
Mención de responsabilidad, etc. edición de Douglass M. Rogers.
260 ## - PUBLICACIÓN, DISTRIBUCIÓN, ETC.
Lugar de publicación, distribución, etc. Madrid :
Nombre del editor, distribuidor, etc. Taurus,
Fecha de publicación, distribución, etc. imp. 1973.
300 ## - DESCRIPCIÓN FÍSICA
Extensión 485 p. ;
Dimensiones 21 cm.
490 1# - MENCIÓN DE SERIE
Mención de serie Persiles ;
Designación de volumen o secuencia 62
Mención de serie El escritor y la crítica
504 ## - NOTA DE BIBLIOGRAFÍA, ETC.
Nota de bibliografía, etc. Bibliografía: p. 483-485.
600 14 - PUNTO DE ACCESO ADICIONAL DE MATERIA--NOMBRE DE PERSONA
Nombre de persona Pérez Galdós, Benito,
Fechas asociadas al nombre 1843-1920-
Subdivisión general Crítica e interpretación
9 (RLIN) 90875
700 1# - ENTRADA AGREGADA--NOMBRE PERSONAL
Nombre de persona Rogers, Douglass M.
9 (RLIN) 144795
830 0# - PUNTO DE ACCESO ADICIONAL DE SERIE-TÍTULO UNIFORME
Título uniforme Persiles.
Nombre de parte o sección de la obra Serie el escritor y la crítica ;
Designación de volumen o secuencia 62
9 (RLIN) 187530
852 ## - LOCALIZACIÓN
Ubicación ES-MaACL
Número de control de estantería E-14082
942 ## - ELEMENTOS DE ENTRADA SECUNDARIOS (KOHA)
Fuente del sistema de clasificación o colocación Clasificación decimal universal
Holdings
Estatus retirado Estado de pérdida Estado de daño No para préstamo Biblioteca de origen Biblioteca actual Ubicación en estantería Fecha de adquisición Fuente de adquisición Total de préstamos Signatura topográfica completa Código de barras Visto por última vez Precio de reemplazo Tipo de ítem Koha
        Biblioteca del Ateneo de Madrid Biblioteca del Ateneo de Madrid Depósito 2 18/01/2011     E-14082 1185340 23/02/2023 23/02/2023 Libro impreso